Culture G commençant par L - Statistiques

Statistiques générales
  • Ce quiz a été pris 318 fois
  • Le résultat moyen est 11 sur 30
Statistiques - réponses
Hint Réponse % Correct
Professionnel ou général, on y passe le bac Lycée
89%
Elle peut être de bœuf, ou étrangère par exemple Langue
78%
Partenaire inséparable de Mario Luigi
77%
Au foot ce terme désigne les deux angles du haut de la cage Lucarne
71%
Ville la plus peuplée du Nigeria Lagos
66%
Tout bar doit la disposer pour pouvoir vendre de l'alcool fort Licence IV
56%
Crée un pays en utilisant toutes les lettres du mot "ETOILENT" Lettonie
55%
Petit reptile saurien à quatre pattes et à longue queue Lézard
55%
Capitale africaine dont le nom donne envie de faire ce que l'on veut Libreville
53%
Dans Harry Potter, ce sort permet d'éclairer un endroit Lumos
49%
Ville connue pour son festival interceltique Lorient
45%
Marque de sport italienne sonnant comme un jeu d'argent Lotto
43%
Souvent il est appelé "organe de la parole" Larynx
42%
Artiste pop rock canadienne dont le prénom est un mois de l'année Avril Lavigne
40%
Type de chanson contenant des paroles Lyrique
39%
Insecte aquatique quand il est en larve, mais terrestre une fois adulte Libellule
35%
Entraîneur emblématique de Laure Manaudou Philippe Lucas
35%
Spécialité italienne appréciée en hiver Lasagne
24%
Distance angulaire d'un point de la Terre à l'équateur Latitude
24%
Abréviation désignant le diéthyllysergamide LSD
23%
Qui procure un gain, des profits des bénéfices Lucratif
20%
Encyclopédie, index, dictionnaire... Lexique
15%
Titre chorégraphique qui a fait connaître Moussier Tombola Logobitombo
13%
Nom de la substance qui permet aux cerveau d'éviter les gros chocs LCS / LCR / Liquide Cérébro-Spinal / Liquide Céphalo-rachidien
10%
Autre élément que le lithium dans le tableau périodique Lanthane / Lutécium / Lawrencium
9%
Gentilé utilisé pour les habitants de la capitale slovène Ljubljanais / Ljubljanaise
8%
Personne qui collectionne les rouleaux de papier toilette Latrinapapirophile
1%
Courge d'Asie et aussi d'Afrique Luffa
1%
Extraction d'un composé soluble à partir d'un produit pulvérisé Lixiviation
0%
Il créa les style de direction en management (autoritaire, paternaliste, consultatif, participatif) Rensis Likert
0%
Aucun quiz correspondant
Distribution des résultats
% des personnes avec chaque résultat
Percentile par nombre de réponses
Votre historique - résultats
Vous n’avez pas pris ce quiz